Celoživotná láska - krajina

Bibliographic Details
Main Author: kul (Author)
Format: Article
Language:Slovak
PhysicalDescription:Obr. 1
Subjects:

MARC

LEADER 00000nab a2200000 a 4500
001 vtls000571979
003 SK-MaSNL
005 20260304220352.0
008 150501c1996 xo 0 slo
015 |a SNBRB19rr/mm-uuuuu 
035 |a CL0572117 
040 |a SNKBUCL  |b slo  |c SNKBUCL  |e AACR2 
041 0 |a slo 
044 |a xo  |c SK 
080 |a 75.071.1:061.4  |2 1981 
100 0 |a kul  |4 aut  |9 849659 
245 1 0 |a Celoživotná láska - krajina  |c kul 
300 |b Obr. 1 
600 1 7 |a Daňo, Juraj,  |d 1920-2007  |2 snkbucl  |9 175398 
610 2 7 |a Šarišská galéria v Prešove  |2 snkbucl  |9 31757 
655 7 |a články z novín a časopisov  |2 snkbucl  |9 267496 
773 0 |t Práca  |g Roč. 51, č. 9 (12. 1. 1996) 
773 0 |t [Príl.] Inzercia  |g (1996), s. 20 
850 |a Slovenská národná knižnica v Martine  |a MTA001 
852 |a SNK  |b KIS3GCP 
958 |a RK 
958 |a SK 
992 |a RBX 
999 |c 3151721  |d 3153651